000 00321 a2200145 4500
001 169536
020 _a
040 _cMagnum
100 _aHurlock, Elizabeth B.
240 1 0 _aDesenvolvimento do adolescente
_lpor
245 1 0 _aDesenvolvimento do adolescente
362 0 _a1899
697 _aPSICOLOGIA
942 _cBK
999 _c169536
_d169536